000 00933nam a2200265 a 4500
001 000041251
005 20201002034727.0
008 130902s1984 sp ac 000 0 spa d
020 _a8434581612
040 _aDO-SdBNP
_bspa
_cBNPHU
082 _a193
_bN677F
100 1 _aFrenzel, Ivo
_967845
240 1 0 _aNietzsche
_lspa
245 1 0 _aNietzsche /
_cIvo Frenzel; prólogo, Miguel Morey; traducción, Rosa Pilar Blanco.
260 _aBarcelona :
_bSalvat,
_c1984.
300 _a191 p. :
_bil., retrs. ;
_c20 cm.
490 1 _aBiblioteca Salvat de grandes biografías
_v16
504 _aBibliografía p: 291
600 1 4 _aNIETZCHE, FRIEDRICH WILHELM,
_d1844-1900
_967846
650 4 _aFilosofos alemanes
_vBIOGRAFÍAS
_967847
700 1 2 _aMorey, Miguel
_eprol.
_967848
700 1 2 _aPilar Blanco, Rosa
_etrad.
_950113
830 0 _aBiblioteca Salvat de grandes biografías
_n16
_967849
910 _aValidado. Control de calidad MFF
999 _c40741
_d40741